Statistics for Biggest Cities in Brazil - Extreme [2022]

Click here to take the quiz!

General Stats

  • This quiz has been taken 266 times
    (43 since last reset)
  • The average score is 107 of 321

Answer Stats

PopulationStateCity% Correct
2.315.560MGBelo Horizonte
100%
2.817.068DFBrasília
100%
2.428.678CEFortaleza
100%
1.488.920PERecife
100%
6.211.423RJRio de Janeiro
100%
11.451.245SPSão Paulo
100%
1.773.733PRCuritiba
97%
2.418.005BASalvador
97%
1.303.389PABelém
94%
2.063.547AMManaus
94%
1.332.570RSPorto Alegre
91%
1.138.309SPCampinas
89%
1.437.237GOGoiânia
83%
418.608SPSantos
83%
1.037.775MASão Luís
83%
322.869ESVitória
83%
537.213SCFlorianópolis
80%
833.932PBJoão Pessoa
80%
751.300RNNatal
80%
957.916ALMaceió
77%
866.300PITeresina
77%
808.152RJDuque de Caxias
74%
1.291.784SPGuarulhos
74%
713.232MGUberlândia
74%
897.938MSCampo Grande
71%
650.912MTCuiabá
71%
896.744RJSão Gonçalo
69%
156.970MACaxias
66%
463.338RSCaxias do Sul
66%
616.323SCJoinville
66%
460.413ROPorto Velho
66%
271.633RSSanta Maria
66%
270.295SCSão José
66%
723.574SPSorocaba
66%
413.486RRBoa Vista
63%
419.379PBCampina Grande
63%
555.937PRLondrina
63%
442.933APMacapá
63%
409.657PRMaringá
63%
698.259SPRibeirão Preto
63%
602.757SEAracaju
60%
481.758RJNiterói
60%
364.756ACRio Branco
60%
337.846MGUberaba
60%
398.817GOAnápolis
57%
616.279BAFeira de Santana
57%
285.415PRFoz do Iguaçu
57%
785.882RJNova Iguaçu
57%
302.692TOPalmas
57%
325.689RSPelotas
57%
278.881RJPetrópolis
57%
331.937PASantarém
57%
411.859MGBetim
54%
348.051PRCascavel
54%
287.634SPGuarujá
54%
540.756MGJuiz de Fora
54%
743.432SPOsasco
54%
520.649ESSerra
54%
467.722ESVila Velha
54%
527.550GOAparecida de Goiânia
51%
352.537SPFranca
51%
748.919SPSanto André
51%
810.729SPSão Bernardo do Campo
51%
480.439SPSão José do Rio Preto
51%
697.428SPSão José dos Campos
51%
261.584RJVolta Redonda
51%
361.261SCBlumenau
49%
221.987RJCabo Frio
49%
483.551RJCampos dos Goytacazes
49%
254.781SCChapecó
49%
214.493SCCriciúma
49%
643.759PEJaboatão dos Guararapes
49%
235.816BAJuazeiro
49%
443.116SPJundiaí
49%
386.786PEPetrolina
49%
349.935SPPraia Grande
49%
191.900RSRio Grande
49%
621.865MGContagem
46%
273.110MAImperatriz
46%
264.054SCItajaí
46%
264.577RNMossoró
46%
349.976PEOlinda
46%
358.367PRPonta Grossa
46%
167.955BAPorto Seguro
46%
225.668SPPresidente Prudente
46%
254.822SPSão Carlos
46%
478.778PAAnanindeua
43%
393.237SPDiadema
43%
168.240SPItu
43%
449.955SPMogi das Cruzes
43%
423.323SPPiracicaba
43%
201.418SPRio Claro
43%
244.897MTRondonópolis
43%
165.655SPSão Caetano do Sul
43%
307.364SPSuzano
43%
316.473SPBarueri
40%
347.657RSCanoas
40%
231.091MGDivinópolis
40%
178.703BAIlhéus
40%
286.120CEJuazeiro do Norte
40%
291.869SPLimeira
40%
266.536PAMarabá
40%
237.629SPMarília
40%
414.240MGMontes Claros
40%
146.774RJNilópolis
40%
189.937RJNova Friburgo
40%
227.732RSNovo Hamburgo
40%
162.159PIParnaíba
40%
129.612RJResende
40%
107.373APSantana
40%
329.222PRSão José dos Pinhais
40%
329.844SPSão Vicente
40%
117.210RSUruguaiana
40%
370.868BAVitória da Conquista
40%
242.228SPAraraquara
37%
151.666PRAraucária
37%
379.146SPBauru
37%
243.368MSDourados
37%
257.172MGGovernador Valadares
37%
246.391RJMacaé
37%
234.392CEMaracanaú
37%
103.165PBPatos
37%
140.523RJQueimados
37%
196.067MTSinop
37%
165.123RJTeresópolis
37%
150.470PRToledo
37%
237.247SPAmericana
34%
200.124SPAraçatuba
34%
119.992ESColatina
34%
236.641SPHortolândia
34%
227.731MGIpatinga
34%
186.708BAItabuna
34%
124.333ROJi-Paraná
34%
166.786ESLinhares
34%
418.261SPMauá
34%
206.224RSPasso Fundo
34%
342.167PEPaulista
34%
225.696GORio Verde
34%
203.023CESobral
34%
310.739SPTaubaté
34%
110.088SCTubarão
34%
167.418RJAngra dos Reis
31%
234.696ALArapiraca
31%
169.899RJBarra Mansa
31%
483.087RJBelford Roxo
31%
141.385SCBrusque
31%
299.579BACamaçari
31%
355.679CECaucaia
31%
232.056PRColombo
31%
273.640SPCotia
31%
265.070RSGravataí
31%
224.267RJItaboraí
31%
232.513SPItapevi
31%
164.981SCLages
31%
228.127RJMagé
31%
197.300RJMaricá
31%
153.661SPMogi Guaçu
31%
105.538PAParagominas
31%
252.716RNParnamirim
31%
217.410RSSão Leopoldo
31%
273.542SPTaboão da Serra
31%
103.365MGUbá
31%
299.472MTVárzea Grande
31%
117.938RSBagé
29%
353.510ESCariacica
29%
378.052PECaruaru
29%
131.050CECrato
29%
105.705RSErechim
29%
203.334BALauro de Freitas
29%
145.829PRParanaguá
29%
159.235MGPatos de Minas
29%
103.765SPPoá
29%
440.962RJSão João de Meriti
29%
224.116RSViamão
29%
126.279PAAltamira
26%
171.301TOAraguaína
26%
130.866SPAraras
26%
139.155SCBalneário Camboriú
26%
192.262PACastanhal
26%
179.205SPFerraz de Vasconcelos
26%
182.093PRGuarapuava
26%
255.739SPIndaiatuba
26%
208.725GOLuziânia
26%
167.128RJMesquita
26%
156.491RJRio das Ostras
26%
183.347SPSanta Bárbara d'Oeste
26%
227.360MGSete Lagoas
26%
106.550MAAçailândia
23%
101.409SPAssis
23%
123.082PABragança
23%
203.216PECabo de Santo Agostinho
23%
185.784ESCachoeiro de Itapemirim
23%
387.121SPCarapicuíba
23%
114.427GOCatalão
23%
250.720SPEmbu das Artes
23%
118.044SPGuaratinguetá
23%
369.275SPItaquaquecetuba
23%
222.598SCPalhoça
23%
266.424PAParauapebas
23%
127.019PRPinhais
23%
163.742MGPoços de Caldas
23%
244.579MASão José de Ribamar
23%
123.750ESSão Mateus
23%
137.418MGTeófilo Otoni
23%
174.465MATimon
23%
112.471SPCubatão
20%
142.506PEGaranhuns
20%
124.656ESGuarapari
20%
158.522SPItapecerica da Serra
20%
182.660SCJaraguá do Sul
20%
192.330SENossa Senhora do Socorro
20%
103.970SPOurinhos
20%
165.428SPPindamonhangaba
20%
115.559SPRibeirão Pires
20%
154.105SPSantana de Parnaíba
20%
279.546SPSumaré
20%
145.223BATeixeira de Freitas
20%
115.771SPVárzea Paulista
20%
111.691MGAraxá
17%
101.616MABalsas
17%
125.317MGBarbacena
17%
159.743BABarreiras
17%
122.485SPBarretos
17%
123.151RSBento Gonçalves
17%
134.875SPCaraguatatuba
17%
115.669GOFormosa
17%
112.476SPItanhaém
17%
122.424SPItatiba
17%
107.970GOItumbiara
17%
240.275SPJacareí
17%
133.497SPJaú
17%
101.579SELagarto
17%
329.794MGRibeirão das Neves
17%
134.319SPSalto
17%
126.325SPValinhos
17%
198.861GOValparaíso de Goiás
17%
158.188PAAbaetetuba
14%
225.671GOÁguas Lindas de Goiás
14%
151.065BAAlagoinhas
14%
119.825PRAlmirante Tamandaré
14%
187.315RSAlvorada
14%
145.155SPBotucatu
14%
176.811SPBragança Paulista
14%
147.771PECamaragibe
14%
136.327PRCampo Largo
14%
148.873PRFazenda Rio Grande
14%
144.849SPFranco da Rocha
14%
103.598AMItacoatiara
14%
116.841RJItaguaí
14%
157.790SPItapetininga
14%
105.093CEMaranguape
14%
152.212MGPouso Alegre
14%
218.805MGSanta Luzia
14%
149.910PBSanta Rita
14%
117.095PRUmuarama
14%
127.923SPVotorantim
14%
130.134PRApucarana
11%
129.669RJAraruama
11%
158.640SPAtibaia
11%
103.711MABacabal
11%
136.258RSCachoeirinha
11%
103.074SCCamboriú
11%
165.139SPFrancisco Morato
11%
103.439SEItabaiana
11%
102.217MGItuiutaba
11%
118.045SPJandira
11%
104.761MGLavras
11%
107.909BALuís Eduardo Magalhães
11%
101.883AMManacapuru
11%
111.697MGNova Lima
11%
111.939MGPassos
11%
112.870BAPaulo Afonso
11%
126.887SPSertãozinho
11%
132.152MSTrês Lagoas
11%
136.467MGVarginha
11%
117.808MGAraguari
9%
115.785SPCatanduva
9%
114.269MACodó
9%
115.196PEIgarassu
9%
131.123CEItapipoca
9%
158.812BAJequié
9%
145.643MAPaço do Lumiar
9%
110.537SPPaulínia
9%
118.730PRPiraquara
9%
129.372MGSabará
9%
133.230RSSanta Cruz do Sul
9%
111.243 | 114.910PESão Lourenço da Mata
9%
104.029RJSão Pedro da Aldeia
9%
114.441BASimões Filho
9%
123.942SPTatuí
9%
134.110 | 140.389PEVitória de Santo Antão
9%
119.138PRArapongas
6%
118.979SPBirigüi
6%
170.387MGIbirité
6%
113.343MGItabira
6%
123.312PAItaituba
6%
101.041RJItaperuna
6%
103.055BASanto Antônio de Jesus
6%
115.838RNSão Gonçalo do Amarante
6%
155.635GOSenador Canedo
6%
110.635MTSorriso
6%
142.431GOTrindade
6%
126.650PABarcarena
3%
106.968PABreves
3%
107.208PRCambé
3%
134.184PACametá
3%
104.736MGCoronel Fabriciano
3%
113.709BAEunápolis
3%
105.729GOJataí
3%
110.515PAMarituba
3%
104.108MGMuriaé
3%
103.804GONovo Gama
3%
105.031GOPlanaltina
3%
132.107RSSapucaia do Sul
3%
129.246MGVespasiano
3%
131.621MGConselheiro Lafaiete
0%
105.552MGNova Serrana
0%
118.455PRSarandi
0%
106.434MTTangará da Serra
0%

Score Distribution

Percentile by Number Answered

Percent of People with Each Score

Your Score History

You have not taken this quiz since the last reset